000 00634nam a2200241Ia 4500
003 OSt
005 20221005121449.0
006 a|||||r|||| 00| 0
007 ta
008 221004b |||||||| |||| 00| 0 eng d
024 _a66473
037 _cTextual
040 _aCRL
_cCRL
_beng
041 _2eng
_aeng
082 _aV73:2:9Z, J51
100 _aCorwin Edward S.
245 0 _aHigher law background of American constitutional law
260 _c1955
650 _a CONSTITUTIONS - AMERICA
_937223
650 _aHISTORY
942 _hV73:2:9Z, J51
_cTEXL
_2cc
999 _c1041232
_d1041232